| 000 | 00573nam a2200217Ia 4500 | ||
|---|---|---|---|
| 008 | 101110s9999 xx 000 0 und d | ||
| 041 | _aENGLISH | ||
| 082 | _bSR34442 | ||
| 100 | _aKumaresan S. | ||
| 245 | _aLinear algebra : a geometric approach | ||
| 260 |
_c2009 _bPHI learning pvt. Ltd, New Delhi |
||
| 300 | _a218 | ||
| 365 | _b150 | ||
| 520 | _aMathematics | ||
| 546 | _aENGLISH | ||
| 630 | _aLinear algebra : a geometric approach | ||
| 650 | _aMathematics | ||
| 655 | _aMathematics | ||
| 730 | _aLinear algebra : a geometric approach | ||
| 942 | _cBOOK | ||
| 999 |
_c826943 _d826940 |
||